Introduction to sociological of india (Record no. 11269)

MARC details
000 -LEADER
fixed length control field 00470nam a22001817a 4500
005 - DATE AND TIME OF LATEST TRANSACTION
control field 20260515114916.0
008 - FIXED-LENGTH DATA ELEMENTS--GENERAL INFORMATION
fixed length control field 220518b ||||| |||| 00| 0 eng d
020 ## - INTERNATIONAL STANDARD BOOK NUMBER
International Standard Book Number 9789382056904
040 ## - CATALOGING SOURCE
Original cataloging agency IN-DiNC
Transcribing agency IN-DiNC
041 ## - LANGUAGE CODE
Language code of sung or spoken text eng
082 ## - DEWEY DECIMAL CLASSIFICATION NUMBER
Classification number 301.954
100 ## - MAIN ENTRY--PERSONAL NAME
Personal name Dasgupta Piyali
Relator term author
245 ## - TITLE STATEMENT
Title Introduction to sociological of india
Statement of responsibility, etc. by Piyali Dasgupta
250 ## - EDITION STATEMENT
Edition statement 1st ed.
260 ## - PUBLICATION, DISTRIBUTION, ETC.
Place of publication, distribution, etc. Dibrugarh
Name of publisher, distributor, etc. Banalata
Date of publication, distribution, etc. 2020
300 ## - PHYSICAL DESCRIPTION
Extent 200p.
942 ## - ADDED ENTRY ELEMENTS (KOHA)
Source of classification or shelving scheme Dewey Decimal Classification
Koha item type Books
Holdings
Withdrawn status Lost status Source of classification or shelving scheme Damaged status Not for loan Collection Home library Current library Shelving location Date acquired Cost, normal purchase price Total checkouts Full call number Barcode Date last seen Date last checked out Copy number Price effective from Koha item type
    Dewey Decimal Classification       Naharkatiya College Library Naharkatiya College Library General stacks 05/18/2022 180.00 3 301.954 28900 07/27/2022 06/08/2022 1 05/18/2022 Books
    Dewey Decimal Classification       Naharkatiya College Library Naharkatiya College Library General stacks 05/18/2022 180.00 8 301.954 28901 05/26/2023 05/15/2023 2 05/18/2022 Books
    Dewey Decimal Classification       Naharkatiya College Library Naharkatiya College Library General stacks 05/18/2022 180.00 5 301.954 28902 02/17/2025 01/27/2025 3 05/18/2022 Books